Capitals of South America by First and Last Letter - Statistics

General Stats
  • This quiz has been taken 12 times
  • The average score is 10 of 13
Answer Stats
First Letter Answer Last Letter % Correct
B Brasilia A
100%
A Asuncion N
89%
B Buenos Aires S
89%
L Lima A
89%
Q Quito O
89%
S Santiago O
89%
B Bogota A
78%
C Caracas S
78%
L La Paz Z
78%
M Montevideo O
78%
G Georgetown N
67%
P Paramaribo O
67%
S Sucre E
44%
No matching quizzes found
Score Distribution
Percent of People with Each Score
Percentile by Number Answered
Your Score History
You have not taken this quiz